00772nam a2200217Ii 45000010005000000030009000050080041000140400033000550410008000880820017000961000028001132450052001412640055001933000012002483360026002603370028002863380027003149400050003419990017003919520146004087089CO-ViMGA241108s9999||||xx |||||||||||||| ||und|| aCO-ViMGAbspaerdacCO-ViMGA0 aspa04a910.87 H151d1 aJohn H Hambleton94865310aDiario del viaje por el orinoco hacia Angostura 1aBogotá, Colombia : Banco de la república, 1819 avolumen atextbtxt2rdacontent aunmediatedbn2rdamedia avolumebnc2rdacarrier aidficha_siabuc: 6925. -- ficha_no_siabuc:7089 c43295d43295 001040708FPatriOrinoaMEVIGERRbMEVIGERRcLOCALd2006-11-27o910.87 H151dpECA6812r2024-11-26 09:07:13tEj.1w2024-11-26yBKz6925 | 9707